LEADER 01351nam 2200457 450 001 9910583069403321 005 20230120002519.0 010 $a0-323-39307-1 035 $a(CKB)3710000000850838 035 $a(MiAaPQ)EBC4747154 035 $a(EXLCZ)993710000000850838 100 $a20161208h20172017 uy 0 101 0 $aeng 135 $aurcnu|||||||| 181 $2rdacontent 182 $cc$2rdamedia 183 $acr$2rdacarrier 200 10$aPharmacology and therapeutics for dentistry /$fFrank J. Dowd, Barton S. Johnson, Angelo J. Mariotti 205 $aSeventh edition. 210 1$aSt. Louis, Missouri :$cElsevier,$d2017. 210 4$dİ2017 215 $a1 online resource $cillustrations 300 $aIncludes index. 311 $a0-323-44597-7 311 $a0-323-44595-0 320 $aIncludes bibliographical references. 606 $aDental pharmacology 606 $aDental therapeutics 615 0$aDental pharmacology. 615 0$aDental therapeutics. 676 $a615.10246176 700 $aDowd$b Frank J.$f1939-$0965255 702 $aJohnson$b Barton S. 702 $aMariotti$b Angelo J. 801 0$bMiAaPQ 801 1$bMiAaPQ 801 2$bMiAaPQ 906 $aBOOK 912 $a9910583069403321 996 $aPharmacology and therapeutics for dentistry$92190003 997 $aUNINA